000 00483nam a2200169Ia 4500
003 OSt
005 20210907104334.0
008 190216s9999||||xx |||||||||||||| ||und||
040 _coclc
082 _a892.73
_bMAN/A
100 _aMangad, Abdurahiman
_98678
245 0 _aArabic Quiz :
_bmajani al adab 1 musabikath /
_cAbdurahiman Mangad
260 _bAl Huda Book Stall,
300 _a64p
650 _aArabic
942 _cBK
_2ddc
_h892.73
_iMAN/A
_k892.73
_mMAN/A
999 _c832
_d832